| 000 | 00419nam a2200169Ia 4500 | ||
|---|---|---|---|
| 008 | 230711s9999||||xx |||||||||||||| ||und|| | ||
| 041 | _aENG | ||
| 082 |
_a540 _bMC-C |
||
| 100 | _aMcMurry,John E. | ||
| 245 | 0 | _aDk eyewitness books: Chemistry | |
| 250 | _a4th . Ed. | ||
| 260 |
_c2004 _aLondon _bDorling Kindersley Publishers LtdĀ |
||
| 300 | _a1070 | ||
| 650 | _aChemistry | ||
| 700 | _aFay,Robert C. | ||
| 942 | _cBK | ||
| 999 |
_c2791 _d2791 |
||